| 000 | 00494cam a22001457a 4500 | ||
|---|---|---|---|
| 008 | 180718b1953 xxu||||| |||| 00| 0 eng d | ||
| 082 | _aD11x73 G869/1 | ||
| 100 | _aGrew, Joseph C. | ||
| 245 |
_aTurbulent era: a diplomatic record of forty years, 1904-1945 _cby Joseph C. Grew and edited by Walter Johnson |
||
| 260 |
_aLondon _bHammond _c1953 |
||
| 300 | _a2v. | ||
| 650 | _aUnited States --Foreign relations --20th century | ||
| 650 | _aDiplomats --Correspondence | ||
| 700 | _aJohnson, Walter | ||
| 999 |
_c366924 _d366924 |
||